000 01414cam a2200217 4500
001 7589
005 20181127183927.0
008 030529s2004 ohuam 001 0 eng d
020 _a0324133820
020 _a9780324133820
100 1 _aAnderson, David A
245 1 0 _aEnvironmental economics and natural resource management /
_cDavid A. Anderson
260 _aMason, Ohio :
_bSouth-Western/Thomson,
_cc2004
300 _axvi, 400 p. :
_bill. ;
_c24 cm
500 _aIncludes index
505 _aThe Big Picture 2. Efficiency and Choice 3. Market Failure 4. The Role of Government 5. Trade-Offs and the Economy 6. Environmental Quality 7. Energy 8. Sustainability 9. Population, Poverty and Economic Growth 10. Biodiversity and Valuation 11. International and Global Issues 12. Perspectives on Environmental Policy 13. Natural Resource Management: Renewable Resources 14. Natural Resource Management: Depletable and Replenishable Resources 15. Environmentral Dispute Resolution 16. Morals and Motivation
_g
_r
_t
520 _aBuilding a foundation, the big picture. Efficiency and choice, cost benefit analysis, supply and demand, summary, problems for review, internet resources, further reading. Market failure. The role o government. Environmental quality. Sustainability.
650 0 _aEnvironmental economics
650 0 _aNatural resources
_xManagement
999 _c6497
_d6497